| 000 | 01422nam2a22002291 4500 | ||
|---|---|---|---|
| 001 | rc\644708 | ||
| 005 | 20250621222238.0 | ||
| 035 | _a(NLR Aleph) 005951838 | ||
| 090 |
_a6771632 _c6771632 |
||
| 100 | _a20031121d1986 |||y0rusy50 ca | ||
| 101 | 0 | _arus | |
| 102 | _aRU | ||
| 105 | _ay ||||||||| | ||
| 200 | 0 | _a[Вып. 2] | |
| 210 |
_d1986 (1987) _aБ. м. |
||
| 215 | _a41 с. | ||
| 461 | 0 |
_1001rc\644707 _12001#$aПроизводственная гимнастика$e(Комплексы физ. упражнений произв. гимнастики для работников различ. профессий)$eУРСП. Респ. метод. каб. по внедрению произв. гимнастики и Всесоюз. физкультур. комплекса ГТО$f[Сост. Носарь В.Н.]$v[Вып. 2] _96771625 _cКиев _d1986 _f[Сост. Носарь В.Н.] _nОблполиграфиздат _o(Комплексы физ. упражнений произв. гимнастики для работников различ. профессий) : УРСП. Респ. метод. каб. по внедрению произв. гимнастики и Всесоюз. физкультур. комплекса ГТО _tПроизводственная гимнастика _v[Вып. 2] |
|
| 801 | 0 |
_aRU _bNLR _gpsbo |
|
| 801 | 1 |
_aRU _bELAR _2rusmarc |
|
| 852 |
_aNLR _j87-4/3361 |
||
| 942 | _cBOOK | ||
| 980 | _aNB | ||